Slovenské vysoké školstvo v 20. storočí

Gespeichert in:
Bibliographische Detailangaben
1. Verfasser: Pšenák, Jozef
Format: Buchkapitel
Sprache:Slowakisch
Schlagworte:
Tags: Tag hinzufügen
Keine Tags, Fügen Sie das erste Tag hinzu!

MARC

LEADER 00000naa$a2200000$$$4500
001 0002855
005 20230927095354.9
041 0 |a slo 
044 |a SK 
245 1 0 |a Slovenské vysoké školstvo v 20. storočí  |c aut. Jozef Pšenák 
610 2 0 |a Slovensko 
610 2 0 |a školy vysoké 
610 2 0 |a školstvo 
610 2 0 |a 1900-2000 
100 1 |a Pšenák, Jozef